A-Z Premier League - Statistics

General Stats
  • This quiz has been taken 29 times
  • The average score is 11 of 26
Answer Stats
Hint Answer % Correct
S 260 Shearer
91%
L 177 Lampard
86%
R 196 Rooney
86%
G 120 Gerrard
82%
O 150 Owen
82%
C 187 Cole
73%
H 175 Henry
73%
V 144 Van persie
64%
F 163 Fowler
59%
Y 123 Yorke
55%
D 157 Defoe
50%
T 85 Torres
45%
A 125 Anelka
41%
K 126 Keane
32%
Z 59 Zola
32%
B 106 Bent
27%
P 92 Phillips
27%
Q 59 Quinn
23%
J 51 Johnson
14%
U 38 Unsworth
9%
W 65 Walcott
9%
X 2 Xavier
9%
E 56 Euell
5%
M 50 Murphy
5%
N 69 Nolan
5%
I 40 Iversen
0%
No matching quizzes found
Score Distribution
Percent of People with Each Score
Percentile by Number Answered
Your Score History
You have not taken this quiz